000
00340 a2200157 4500
001
62017
020
_a
9788510054232
040
_c
Anchieta - Pituba
100
_a
Mocellin, Renato
240
1
0
_a
História, 7° Ano
_l
por
245
1
0
_a
História, 7° Ano
300
_a
319
362
0
_a
2013
650
4
_a
História do mundo
942
_c
BK
999
_c
62017
_d
62017